|
|
|
|
| LEADER |
00899nam a2200265 4500 |
| 001 |
DLU180186548 |
| 005 |
##20180830 |
| 040 |
# |
# |
|a DLU
|b vie
|
| 041 |
# |
# |
|a vie
|
| 044 |
# |
# |
|a vn
|
| 100 |
# |
# |
|a Trần Thị Phương Huyền,
|c ThS.
|
| 245 |
# |
# |
|a Sử dụng phương pháp đóng vai trong giảng dạy học phần giáo dục học mầm non góp phần rèn luyện kĩ năng nghề cho sinh viên /
|c Trần Thị Phương Huyền.
|
| 653 |
# |
# |
|a Giáo dục mầm non
|
| 653 |
# |
# |
|a Giảng dạy
|
| 653 |
# |
# |
|a Kĩ năng nghề
|
| 773 |
# |
# |
|t Tạp chí dạy và học ngày nay
|g Số 2, 2015, tr. 24-26
|
| 920 |
# |
# |
|a Phòng Tạp chí -- Trung tâm Thông tin - Thư viện Trường Đại học Đà Lạt
|
| 994 |
# |
# |
|a DLU
|
| 900 |
# |
# |
|a True
|
| 911 |
# |
# |
|a Trần Thị Minh Hương
|
| 925 |
# |
# |
|a G
|
| 926 |
# |
# |
|a A
|
| 927 |
# |
# |
|a BB
|
| 980 |
# |
# |
|a Thư viện Trường Đại học Đà Lạt
|